Las aventuras de tom sawyer /

Guardado en:
Autor Principal: Twain, Mark
Formato: Libro
Publicado: Buenos Aires : Gezeta, 2008
Edición:2a. ed.
Materias:
Etiquetas: Agregar Etiqueta
Sin Etiquetas, Sea el primero en etiquetar este registro!
LEADER 00706nam a22002295a 4500
001 CEM.cems013568
005 20110922100039.0
008 130507s2008##################000#0#####d
003 CEMS
020 |a 9789871258253 
082 0 4 |a 813.4 
100 1 |a Twain, Mark 
245 1 0 |a Las aventuras de tom sawyer /  |c Mark Twain 
250 |a 2a. ed. 
260 |a Buenos Aires :  |b Gezeta,  |c 2008 
300 |a 175 p. 
505 0 |a Incluye además, argumento y estructura de la obra Biografía y Cronología de las principales obras de Mark Twain 
653 |a Lieteratura 
653 |a Literatura eeuu 
653 |a Novelas 
653 |a Novelas eeuu 
859 |a CEMS  |b BIB. CEMS - 11 de abril  |h 813.4  |i T911-3  |p 26183.11  |t Ej.1